|
|
|
|
| LEADER |
00000nab a2200000ua 4500 |
| 001 |
vtls010758956 |
| 003 |
SK-MaSNL |
| 005 |
20260304202128.0 |
| 008 |
250718s1973 xo |||||||||||||||||slo| |
| 035 |
|
|
|a (urnnbn)urn:nbn:sk:snk:ar-a01n9k
|
| 035 |
|
|
|a (uuid)44529311-852f-46ac-bba5-1e01993983b2
|
| 035 |
|
|
|a urn:nbn:sk:snk-ab4fnp
|
| 040 |
|
|
|a SNKBUCL
|b slo
|c SNKBUCL
|e AACR2
|
| 041 |
0 |
|
|a cze
|
| 044 |
|
|
|a xo
|c SK
|
| 245 |
0 |
0 |
|a Zavádění hořce do pěstování v Rumunsku, M. Chládek
|
| 700 |
1 |
|
|a Chládek, M.
|4 trl
|9 1126877
|
| 773 |
0 |
|
|t Naše liečivé rastliny
|g Roč. 10, č. 4 (1973), s. 112-113
|
| 850 |
|
|
|a Slovenská národná knižnica
|
| 852 |
|
|
|a Slovenská národná knižnica
|
| 958 |
|
|
|a article3
|
| 958 |
|
|
|a OND
|
| 999 |
|
|
|c 3100738
|d 3102668
|